书目信息 |
| 题名: |
会计学
|
|
| 作者: | 艾森 著 ;沈国华 译 | |
| 分册: | ||
| 出版信息: | 上海 上海人民出版社 2004 |
|
| 页数: | 405页 | |
| 开本: | 23cm | |
| 丛书名: | ||
| 单 册: | ||
| 中图分类: | F230 | |
| 科图分类: | ||
| 主题词: | 会计学 | |
| 电子资源: | ||
| ISBN: | 7-208-04557-7 | |
| 000 | 00787nam0 2200241 45 | |
| 001 | 002676384 | |
| 005 | 20050412172031.8 | |
| 010 | @a7-208-04557-7@dCNY46.80 | |
| 100 | @a20040706d2004 em y0chiy0110 ea | |
| 101 | 1 | @achi@ceng |
| 102 | @aCN@b310000 | |
| 105 | @ay z 000yy | |
| 200 | 1 | @a会计学@Akuai ji xue@f(美)彼得·J.艾森著@F(Mei)Bi De·J.Ai Sen Zhu@g沈国华译 |
| 210 | @a上海@c上海人民出版社@d2004 | |
| 215 | @a405页@d23cm | |
| 300 | @a美国博朗工商管理经典教材 | |
| 330 | @a本书分为12章,阐述了会计等式;财务报表;商业交易的记录;调整分录、结账分录与冲销分录;商业企业会计;现金保管与特别控制等内容。 | |
| 606 | 0 | @a会计学 |
| 690 | @aF230@v4 | |
| 701 | 0 | @a艾森@4著 |
| 702 | 0 | @a沈国华@Ashen guo hua@4译 |
| 801 | 0 | @aCN@bNLC@c20040720 |
| 905 | @f5@b348354-358@dF230@e141 | |
| 会计学/(美)彼得·J.艾森著/沈国华译.-上海:上海人民出版社,2004 |
| 405页;23cm |
| 美国博朗工商管理经典教材 |
| ISBN 7-208-04557-7:CNY46.80 |
| 本书分为12章,阐述了会计等式;财务报表;商业交易的记录;调整分录、结账分录与冲销分录;商业企业会计;现金保管与特别控制等内容。 |
| ● |
| 相关链接 |
|
|
|
|
正题名:会计学
索取号:F230/141
 
预约/预借
| 序号 | 登录号 | 条形码 | 馆藏地/架位号 | 状态 | 备注 |
| 1 | 0348354 | 203483541 | 第一样本阅览室/ [索取号:F230/141] | 在馆 | |
| 2 | 0348355 | 203483550 | 第一借阅区/ [索取号:F230/141] | 在馆 | |
| 3 | 0348356 | 203483569 | 第一借阅区/ [索取号:F230/141] | 在馆 | |
| 4 | 0348357 | 203483578 | 第一借阅区/ [索取号:F230/141] | 在馆 | |
| 5 | 0348358 | 203483587 | 第一借阅区/ [索取号:F230/141] | 在馆 |